Statistics for South Park: Stick of Truth Class Quiz

Click here to take the quiz!

General Stats

  • This quiz has been taken 51 times
  • The average score is 7 of 14

Answer Stats

HintAnswer% Correct
Jew
93%
Mage
79%
Thief
79%
Four choosable classesFighter
74%
Butters StotchPaladin
74%
Clyde DonovanWarrior
74%
Jimmy ValmerBard
64%
Kenny McCormickPrincess
62%
Eric CartmanGrand Wizard King
31%
Stan Marsh, Scott MalkinsonRanger
26%
Tweak TweekBarbarian
17%
Kyle BroflovskiHigh Jew Elf
14%
Token BlackCleric
12%
Timmy BurchDrow Elf
10%

Score Distribution

Percentile by Number Answered

Percent of People with Each Score

Your Score History

You have not taken this quiz